<?xml version="1.0" encoding="UTF-8"?>
<marc:record xmlns:marc="http://www.loc.gov/MARC21/slim">
   <marc:leader>00000nam a2200000 a 4500</marc:leader>
   <marc:datafield ind1="1" ind2=" " tag="100">
      <marc:subfield code="a">Brée, Uli</marc:subfield>
      <marc:subfield code="4">aut</marc:subfield>
      <marc:subfield code="e">Verfasser/-in</marc:subfield>
   </marc:datafield>
   <marc:datafield ind1=" " ind2=" " tag="653">
      <marc:subfield code="a">Krimis, Thriller, Spionage</marc:subfield>
   </marc:datafield>
   <marc:datafield ind1=" " ind2=" " tag="653">
      <marc:subfield code="a">Landkrimi</marc:subfield>
   </marc:datafield>
   <marc:datafield ind1=" " ind2=" " tag="653">
      <marc:subfield code="a">Öd</marc:subfield>
   </marc:datafield>
   <marc:datafield ind1=" " ind2=" " tag="653">
      <marc:subfield code="a">Sevus TV</marc:subfield>
   </marc:datafield>
   <marc:datafield ind1=" " ind2=" " tag="653">
      <marc:subfield code="a">Vorstadtweiber</marc:subfield>
   </marc:datafield>
   <marc:datafield ind1=" " ind2=" " tag="653">
      <marc:subfield code="a">Biester</marc:subfield>
   </marc:datafield>
   <marc:datafield ind1=" " ind2=" " tag="653">
      <marc:subfield code="a">Katharina Strasser</marc:subfield>
   </marc:datafield>
   <marc:datafield ind1=" " ind2=" " tag="653">
      <marc:subfield code="a">Einöd</marc:subfield>
   </marc:datafield>
   <marc:datafield ind1=" " ind2=" " tag="653">
      <marc:subfield code="a">Dorfkrimi</marc:subfield>
   </marc:datafield>
   <marc:datafield ind1=" " ind2=" " tag="653">
      <marc:subfield code="a">Hobbyermittlerin</marc:subfield>
   </marc:datafield>
   <marc:datafield ind1=" " ind2=" " tag="653">
      <marc:subfield code="a">Skandal</marc:subfield>
   </marc:datafield>
   <marc:datafield ind1=" " ind2=" " tag="653">
      <marc:subfield code="a">Red Bull</marc:subfield>
   </marc:datafield>
   <marc:datafield ind1="0" ind2="0" tag="245">
      <marc:subfield code="a">Jugendsünden</marc:subfield>
   </marc:datafield>
   <marc:datafield ind1="0" ind2="0" tag="245">
      <marc:subfield code="b">Ein Liesl-von-der-Post-Krimi</marc:subfield>
   </marc:datafield>
   <marc:datafield ind1="0" ind2="0" tag="245">
      <marc:subfield code="c">Brée, Uli</marc:subfield>
   </marc:datafield>
   <marc:datafield ind1=" " ind2="1" tag="264">
      <marc:subfield code="a">Wien</marc:subfield>
      <marc:subfield code="b">Carl Ueberreuter Verlag</marc:subfield>
      <marc:subfield code="c">2024</marc:subfield>
   </marc:datafield>
   <marc:datafield ind1="1" ind2=" " tag="490">
      <marc:subfield code="a">Liesl von der Post</marc:subfield>
      <marc:subfield code="v">1</marc:subfield>
   </marc:datafield>
   <marc:datafield ind1=" " ind2=" " tag="250">
      <marc:subfield code="a">1. Auflage</marc:subfield>
   </marc:datafield>
   <marc:datafield ind1="1" ind2=" " tag="520">
      <marc:subfield code="a">In ihrem ersten gemeinsamen Fall stoßen Liesl und ihre Freundin Barbara auf das beneidenswert schöne Hinscheiden der Öder Chorleiterin Magdalena Schamberger. Das hat schon was, im Moment der höchsten Leidenschaft den Tod zu erleiden. Aber so ganz glaubt die Liesl nicht an die himmlische Liebesnacht. Und als dann prompt noch jemand beim Leichenschmaus der Dahingeschiedenen dahinstirbt, ist für Liesl alles klar. Ganz Öd ist ein einziger Sündenpfuhl, den es auszuheben gilt. Dabei kommt Vergangenes zutage, was die Gegenwart ganz schön zum Wackeln bringt. &#xD;
Über die Liesl:&#xD;
Niemand weiß, wie Liesl eigentlich mit Nachnamen heißt. Sie weiß es selber nicht mehr so genau. Dazu müsste sie mal in ihrem Pass nachschauen, aber den hat sie bis jetzt nur einmal gebraucht und sonst nie wieder. Und Post bekommt sie auch nicht, obwohl sie bei der Post arbeitet. &#xD;
Für die Leute in Öd ist sie einfach die Liesl von der Post. Wenn sie ein Problem hat, dann das, dass ihr die Welt da draußen zu anstrengend und ihr Heimatort Öd zu öd ist. Vielleicht kommt daher ihr Gedanke, dass sie hinter allem gleich ein Verbrechen vermutet. Oder erhofft. Oder in Betracht zieht. &#xD;
Es ist nicht so, dass Verbrechen oder Krimis ihre Leidenschaft wären, es ist eher so, dass sie neben ihrer großen Empathie über einen ausgeprägten Gerechtigkeitssinn verfügt. Ihr ist es einfach zuwider, wenn das Böse siegt. Kurz gesagt: Die Liesl ist zu gut für diese Welt. Die Leute in Öd mögen die Liesl, auch wenn sie manchmal nervt, zu viele dumme Fragen stellt und sich für Miss Marple hält – nur in Gelb.&#xD;
Aber die Leute sehen ihr das nach, weil sie alle wissen, dass die Liesl alles über sie weiß. Und so was schweißt zusammen. Ob man will oder nicht.&#xD;
Die neue Krimi-Reihe von Erfolgsgarant Uli Brée, Autor der »Vorstadtweiber», »Vier Frauen und ein Todesfall« &amp; »Biester«; wird mit Katharina Straßer in der Hauptrolle verfilmt und läuft ab November 2024 bei ServusTV.</marc:subfield>
   </marc:datafield>
   <marc:datafield ind1=" " ind2=" " tag="020">
      <marc:subfield code="a">9783800090235</marc:subfield>
      <marc:subfield code="9">9783800090235</marc:subfield>
   </marc:datafield>
   <marc:datafield ind1=" " ind2=" " tag="020">
      <marc:subfield code="a">3800090236</marc:subfield>
      <marc:subfield code="9">3800090236</marc:subfield>
   </marc:datafield>
   <marc:datafield ind1=" " ind2=" " tag="041">
      <marc:subfield code="a">ger</marc:subfield>
   </marc:datafield>
   <marc:datafield ind1="0" ind2=" " tag="490">
      <marc:subfield code="v">1</marc:subfield>
   </marc:datafield>
   <marc:datafield ind1=" " ind2=" " tag="338">
      <marc:subfield code="a">Band</marc:subfield>
   </marc:datafield>
   <marc:datafield ind1=" " ind2=" " tag="300">
      <marc:subfield code="a">180 Seiten</marc:subfield>
   </marc:datafield>
</marc:record>
